| 000 | 00563nam a2200217 4500 | ||
|---|---|---|---|
| 005 | 20260323140052.0 | ||
| 006 | 000 | ||
| 007 | 000 | ||
| 008 | 000 | ||
| 020 | _a0901348465 | ||
| 040 | _aUOEL | ||
| 050 |
_aSD434 _b.B76 1978 V.4 |
||
| 100 | _aBrown, W. H. | ||
| 245 |
_aTimbers of South East Asia / _cPrepared by W. H. Brown |
||
| 260 |
_aEngland : _bTimberResearch and Development Association, _cc1978. |
||
| 300 | _a82 p. | ||
| 440 | _aTimbers of the world | ||
| 500 | _aIncludes bibliographical references and index | ||
| 650 | _aTimber | ||
| 942 |
_2lcc _cBK |
||
| 999 |
_c11697 _d11697 |
||